F1 Season: 2018 Race Winners - Statistics

General Stats
  • This quiz has been taken 881 times
    862 since last reset
  • The average score is 21 of 21
Answer Stats
Grand Prix Winner % Correct
Azerbaijan Lewis Hamilton
100%
Spanish Lewis Hamilton
100%
French Lewis Hamilton
100%
German Lewis Hamilton
100%
Hungarian Lewis Hamilton
100%
Italian Lewis Hamilton
100%
Singapore Lewis Hamilton
100%
Russian Lewis Hamilton
100%
Japanese Lewis Hamilton
100%
Austrian Max Verstappen
99%
Australian Sebastian Vettel
99%
Bahrain Sebastian Vettel
99%
Canadian Sebastian Vettel
99%
British Sebastian Vettel
99%
Belgian Sebastian Vettel
99%
Brazilian Lewis Hamilton
98%
Abu Dhabi Lewis Hamilton
98%
Mexican Max Verstappen
98%
Chinese Daniel Ricciardo
95%
Monaco Daniel Ricciardo
95%
United States Kimi Räikkönen
87%
No matching quizzes found
Score Distribution
Percent of People with Each Score
Percentile by Number Answered
Your Score History
You have not taken this quiz since the last reset